| 000 | 00421nam a2200169Ia 4500 | ||
|---|---|---|---|
| 005 | 20240823043117.0 | ||
| 008 | 240823s9999||||xx |||||||||||||| ||und|| | ||
| 041 | _aENGLISH | ||
| 082 | _A519 Q0 | ||
| 100 | _aSingaravelu.A | ||
| 245 | 0 | _aEngineering Mathematics - II | |
| 250 | _a1st | ||
| 260 |
_c2010 _b"Meenakshi Agency,Ch" _aChennai |
||
| 500 | _aTRANSFERED | ||
| 650 |
_aMathematics _bMathematics |
||
| 942 | _cBK | ||
| 999 |
_c209454 _d209454 |
||